Aus meinen Erinnerungen
| Titel: | Aus meinen Erinnerungen : 1906 bis 1986 / von Vera von Sass (+) |
|---|---|
| Verfasser: | |
| In: |
Baltische Briefe, Band 78, Heft 1 (915) (2025), Seite 12-14 alle Artikel anzeigen |
| Veröffentlicht: | 2025 |
| Format: | Aufsatz |
| Sprache: | Deutsch |
X
alg: 54173691 001A $03025:02-02-26 001B $03025:03-02-26 $t11:16:35.000 001D $03025:02-02-26 001U $0utf8 001X $00 002@ $0Aou 002C $aText $btxt $2rdacontent 002D $aohne Hilfsmittel zu benutzen $bn $2rdamedia 002E $aBand $bnc $2rdacarrier 003@ $0541736914 007A $0541736914 $aHEB 010@ $ager 010E $erda 011@ $a2025 021A $aAus meinen Erinnerungen $d1906 bis 1986 $hvon Vera von Sass (+) 028A $BVerfasser $#Gizycki, Vera von $#Heim, Ira von $4aut $71151466441 $8Sass, Vera$cvon$Z1906-2008 [Tp1] $9425274853 031A $d78 $e1 (915) $h12-14 $j2025 039B $aEnthalten in $8--Abvc--. Baltische Briefe. - Großhansdorf : Verl. Balt. Briefe, 1948-. - ISSN 0005-4526 $x202500000780001988 $9047806486 044K $#Gizycki, Vera von $#Heim, Ira von $71151466441 $8Sass, Vera$cvon$Z1906-2008 [Tp1] $9425274853 044K $RBoehm, Siegfried $#Böhm, Max Hildebert $#Boehm, Hildebert Max $#Boehm, Maximilian Hildebert $#Boehm, Maximilian $#Boehm, M. H. $#Boehm, Max H. $#Boehm, Hildebert $#Hildebert-Böhm, Max $#Boehm, Max $7118660675 $8Boehm, Max Hildebert$Z1891-1968 [Tp1] $9087001578 044K $71004737-2 $8Baltische Gesellschaft in Deutschland [Tb1] $9041893646 044K $#Lüneburg $#Lunebourg $#Luneburg $#Lunaeburgum $#Hansestadt Lüneburg $#Lümborg $74036512-8 $8Lüneburg [Tg1] $908509904X 044K $#Germans Baltic States $#Allemands des Pays baltes $#Baltendeutsche $#Deutsche Baltikum $74011593-8 $8Deutschbalten [Ts1] $9085023647 044K $RJugendhilfe $#Social work with youth $#Service social auprès de la jeunesse $#Jugendarbeit $#Außerschulische Jugendarbeit $#Kinderarbeit Jugendarbeit $#Jugendpflege $74028863-8 $8Jugendarbeit [Ts1] $9085076139 045F $a305.8009479609046 $eDDC23BSB 045F/01 $a305.8009 045F/03 $f09046 045F/03 $g4796 045F/03 $g473 045R $aGeschichte 1961-1985 045T $a7,44 lok: 54173691 78 exp: 54173691 78 1 #EPN 201B/01 $002-02-26 $t13:12:29.000 201C/01 $002-02-26 201U/01 $0utf8 203@/01 $01333213735 208@/01 $a02-02-26 $be 209A/01 $a/ $f000 $x00 209A/01 $ab*p $x01 220C/01 $akoe 247C/01 $82080>Marburg/Lahn, Herder-Institut, Forschungsbibliothek, Bibliographieportal $9336309341
| LEADER | 00000caa a2200000 c 4500 | ||
|---|---|---|---|
| 001 | 541736914 | ||
| 003 | DE-603 | ||
| 005 | 20260203111635.0 | ||
| 007 | tu | ||
| 008 | 260202s2025 xx |||| | u00||u|ger c | ||
| 035 | |a (DE-599)HEB541736914 | ||
| 040 | |a DE-603 |b ger |c DE-603 |d DE-603 |e rda | ||
| 041 | |a ger | ||
| 082 | 0 | 4 | |8 1\u |a 305.8009479609046 |q DE-101 |2 23/BSB |
| 084 | |a 7,44 |2 ssgn | ||
| 085 | |8 1\u |b 305.8009 | ||
| 085 | |8 1\u |z 1 |s 09046 | ||
| 085 | |8 1\u |z 2 |s 4796 | ||
| 085 | |8 1\u |z 2 |s 473 | ||
| 100 | 1 | |a Sass, Vera von |d 1906-2008 |e Verfasser |4 aut |0 (DE-603)425274853 |0 (DE-588)1151466441 |2 gnd | |
| 245 | 0 | 0 | |a Aus meinen Erinnerungen |b 1906 bis 1986 |c von Vera von Sass (+) |
| 264 | 0 | |c 2025 | |
| 336 | |a Text |b txt |2 rdacontent | ||
| 337 | |a ohne Hilfsmittel zu benutzen |b n |2 rdamedia | ||
| 338 | |a Band |b nc |2 rdacarrier | ||
| 600 | 1 | 7 | |a Sass, Vera von |d 1906-2008 |0 (DE-588)1151466441 |0 (DE-603)425274853 |2 gnd |
| 600 | 1 | 7 | |a Boehm, Max Hildebert |d 1891-1968 |0 (DE-588)118660675 |0 (DE-603)087001578 |2 gnd |
| 610 | 1 | 7 | |a Baltische Gesellschaft in Deutschland |2 gnd |0 (DE-588)1004737-2 |0 (DE-603)041893646 |
| 648 | 7 | |a Geschichte 1961-1985 |2 gnd | |
| 650 | 7 | |a Deutschbalten |0 (DE-588)4011593-8 |0 (DE-603)085023647 |2 gnd | |
| 650 | 7 | |a Jugendarbeit |0 (DE-588)4028863-8 |0 (DE-603)085076139 |2 gnd | |
| 651 | 7 | |a Lüneburg |0 (DE-588)4036512-8 |0 (DE-603)08509904X |2 gnd | |
| 773 | 0 | 8 | |i Enthalten in |t Baltische Briefe |d Großhansdorf : Verl. Balt. Briefe, 1948- |x 0005-4526 |g Band 78, Heft 1 (915) (2025), Seite 12-14 |w (DE-603)047806486 |w (DE-600)536488-7 |
| 924 | 0 | |9 2080 |a (DE-603)1333213735 |b DE-2080 |c HES |d d |g / | |


